Catálogo

Vista normal Vista MARC

Entrada Personal Name

Número de registros utilizados en: 1

001 - CONTROL NUMBER

  • control field: 4480

003 - CONTROL NUMBER IDENTIFIER

  • control field: DLC

005 - DATE AND TIME OF LATEST TRANSACTION

  • control field: 20210507172654.0

008 - FIXED-LENGTH DATA ELEMENTS

  • fixed length control field: 800717n| acannaab| |a aaa

010 ## - LIBRARY OF CONGRESS CONTROL NUMBER

  • LC control number: n 50034292

040 ## - CATALOGING SOURCE

  • Original cataloging agency: DLC
  • Transcribing agency: Mx-PuUPA
  • Modifying agency: NNU
  • Modifying agency: Mx-PuUPA
  • Language of cataloging: spa
  • Description conventions: rda

100 10 - HEADING--PERSONAL NAME

  • Personal name: Goossen, E. C.

374 ## - OCCUPATION

  • Occupation: Autor

375 ## - GENDER

  • Gender: hombre

377 ## - ASSOCIATED LANGUAGE

  • Language code: eng

400 10 - SEE FROM TRACING--PERSONAL NAME

  • Personal name: Goossen, Eugene

670 ## - SOURCE DATA FOUND

  • Source citation: Author' Three American sculptors, 1959.

670 ## - SOURCE DATA FOUND

  • Source citation: N.Y. times, July 17, 1997
  • Information found: (Eugene Goossen; art critic and former chairman of art dept., Hunter College; b. Gloversville, N.Y.; d. on July 14 in Bennington, Vt. at age 76; lived in Buskirk, N.Y.)